Коррозия и износ поверхностей нагрева котлов

ग्रंथसूची विवरण
मुख्य लेखक: Отс А. А. Арво Аугустович
भाषा:रूसी
प्रकाशित: Москва, Энергоатомиздат, 1987
विषय:
स्वरूप: पुस्तक
KOHA link:https://koha.lib.tpu.ru/cgi-bin/koha/opac-detail.pl?biblionumber=50871

MARC

LEADER 00000nam0a2200000 4500
001 50871
005 20231031033725.0
035 |a (RuTPU)RU\TPU\book\53259 
090 |a 50871 
100 |a 20030421d1987 km y0rusy50 ca 
101 0 |a rus 
102 |a RU 
105 |a a z 001zy 
200 1 |a Коррозия и износ поверхностей нагрева котлов  |f А. А. Отс 
210 |a Москва  |c Энергоатомиздат  |d 1987 
215 |a 272 с.  |c ил. 
320 |a Библиогр.: с. 261-270. 
606 1 |a Котельные установки  |x Поверхности нагрева  |2 stltpush  |3 (RuTPU)RU\TPU\subj\16000 
610 1 |a паровые котлы 
610 1 |a нагревательные поверхности 
610 1 |a коррозия 
610 1 |a износ 
610 1 |a расчеты 
610 1 |a кинетика 
675 |a 621.184.2  |v 3 
700 1 |a Отс  |b А. А.  |g Арво Аугустович 
801 1 |a RU  |b 63413507  |c 20030421  |g PSBO 
801 2 |a RU  |b 63413507  |c 20201028  |g PSBO 
942 |c BK